Lithium - Nirvana (All Lyrics) - Statistics

General Stats
  • This quiz has been taken 512 times
  • The average score is 213 of 275
Answer Stats
Hint Answer % Correct
I
100%
Verse 1 | Verse 2 | Verse 3 I'm
98%
So
96%
To
96%
My
95%
A
94%
Found
94%
Happy
94%
You
94%
Friends
92%
In
92%
Today
92%
'Cause
91%
Cause
91%
Head
91%
Are
88%
Chorus 1 | Chorus 2 | Chorus 3 Yeah, yeah
83%
Yeah, yeah, yeah
83%
Yeah, yeah, yeah!
83%
That's
82%
Day
81%
Okay
81%
Not
79%
They're
77%
God
76%
Ugly
76%
Is
72%
And
66%
Horny
65%
All
63%
For
63%
I've
63%
Sunday
63%
Broke
62%
Care
61%
Gonna
61%
It
61%
Mornin'
61%
Love
60%
Crack
59%
Like
59%
Candles
58%
Every
58%
Light
58%
Daze
57%
Our
56%
Mirrors
55%
Miss
55%
Will
55%
Scared
54%
Lonely
53%
Good
52%
But
48%
There
48%
Killed
46%
Sad
46%
Shaved
40%
Don't
38%
Just
37%
Excited
36%
Can't
35%
Wait
35%
Maybe
34%
Meet
34%
Heard
29%
Sure
27%
Blame
26%
No matching quizzes found
Score Distribution
Percent of People with Each Score
Percentile by Number Answered
Your Score History
You have not taken this quiz